Southville International School and Colleges
Your cart is empty.
  • Cart
  • Lists
    Public lists Eva Luna New books Lux_list list_1
    Your lists Log in to create your own lists
  • Log in to your account
  • Your cookies
  • Search history
Southville International School and Colleges
  • Advanced search
  • Recent comments
  • Most popular
  • Libraries

Log in to your account

Log in with GOOGLE


If you do not have an external account, but do have a local account, you can still log in:

  1. Home
  2. MARC view: Silly Tilly's valentine /
Normal view MARC view ISBD view

Silly Tilly's valentine / (Record no. 111744)

[ view plain ]
MARC details
000 -LEADER
fixed length control field 00704nam a2200205 a 4500
001 - CONTROL NUMBER
control field 3786
005 - DATE AND TIME OF LATEST TRANSACTION
control field 20140414131921.0
008 - FIXED-LENGTH DATA ELEMENTS--GENERAL INFORMATION
fixed length control field 061012s19uu xx 00 eng d
020 ## - INTERNATIONAL STANDARD BOOK NUMBER
International Standard Book Number 0-06-444223-3
050 ## - LIBRARY OF CONGRESS CALL NUMBER
Classification number ER
Item number Si3 1998
100 ## - MAIN ENTRY--PERSONAL NAME
Personal name Hoban, Lilian
245 ## - TITLE STATEMENT
Title Silly Tilly's valentine /
Statement of responsibility, etc story and pictures by Lilia Hoban.
260 ## - PUBLICATION, DISTRIBUTION, ETC. (IMPRINT)
Place of publication, distribution, etc U. S. A :
Name of publisher, distributor, etc Harper Trophy,
Date of publication, distribution, etc 1998.
300 ## - PHYSICAL DESCRIPTION
Extent 48 p. : ill. ; cm.
520 ## - SUMMARY, ETC.
Summary, etc Mr. Bunny reminds her that the day is special, but while trying to recall why, silly Tilly, the forgetful mole, gets distracted by the snow.
650 ## - SUBJECT ADDED ENTRY--TOPICAL TERM
Topical term or geographic name as entry element Valentine's Day
General subdivision fiction.
650 ## - SUBJECT ADDED ENTRY--TOPICAL TERM
Topical term or geographic name as entry element Moles (Animals)
General subdivision fiction.
650 ## - SUBJECT ADDED ENTRY--TOPICAL TERM
Topical term or geographic name as entry element Snow
General subdivision fiction.
Holdings
Withdrawn status Lost status Damaged status Use restrictions Home library Current library Shelving location Date acquired Source of acquisition Total Checkouts Full call number Barcode Date last seen Price effective from Koha item type
        Munich Library Munich Library Easy Reading Section 10/12/2006     ER Si3 1998 M2624 04/14/2014 04/14/2014 Books

Silly Tilly's valentine /

APA

Hoban L., . (1998). Silly Tilly's valentine. U. S. A: Harper Trophy.

Chicago

Hoban Lilian, . 1998. Silly Tilly's valentine. U. S. A: Harper Trophy.

Harvard

Hoban L., . (1998). Silly Tilly's valentine. U. S. A: Harper Trophy.

MLA

Hoban Lilian, . Silly Tilly's valentine. U. S. A: Harper Trophy. 1998.

  • Place hold
  • Print
  • Cite
  • Add to your cart (remove)
  • Save record
    BIBTEX Dublin Core MARCXML MARC (non-Unicode/MARC-8) MARC (Unicode/UTF-8) MARC (Unicode/UTF-8, Standard) MODS (XML) RIS
  • More searches
    Search for this title in:
    Other Libraries (WorldCat) Other Databases (Google Scholar) Online Stores (Bookfinder.com) Open Library (openlibrary.org)

Exporting to Dublin Core...

SOUTHVILLE LIBRARY

Southville International School and Colleges Library

1281 Tropical Ave. Cor. Luxembourg St., BF Homes International, Las Pinas City

Tel. No. 8256374 / 252358 Loc. 117/146

Powered by Koha